Loading...
| History - Other | 0 | 8 | 2 | 2 | 70 | 59 | 100.63 | 0 | 2 | 0.00 | 0.00 |
| Mythology | 0 | 4 | 1 | 2 | 35 | 106 | 123.75 | 0 | 1 | 0.00 | 0.00 |
| History - World | 0 | 4 | 1 | 3 | 35 | 120 | 132.25 | 0 | 1 | 0.00 | 0.00 |
| Literature - American | 0 | 3 | 0 | 1 | 30 | 87 | 118.00 | 0 | 1 | 0.00 | 0.00 |
| Social Science | 0 | 3 | 0 | 0 | 30 | 75 | 83.00 | 0 | 1 | 0.00 | 0.00 |
| History - American | 0 | 3 | 1 | 2 | 25 | 122 | 129.67 | 0 | 1 | 0.00 | 0.00 |
| History - European | 0 | 3 | 1 | 1 | 25 | 71 | 96.33 | 0 | 0 | 0.00 | 0.00 |
| Philosophy | 0 | 3 | 1 | 0 | 25 | 77 | 111.67 | 0 | 1 | 0.00 | 0.00 |
| Science - Biology | 0 | 2 | 0 | 1 | 20 | 100 | 108.00 | 0 | 1 | 0.00 | 0.00 |
| Fine Arts - Other | 0 | 2 | 0 | 0 | 20 | 113 | 114.00 | 0 | 0 | 0.00 | 0.00 |
| Other Academic | 0 | 2 | 0 | 1 | 20 | 136 | 138.00 | 0 | 0 | 0.00 | 0.00 |
| Literature - World | 0 | 2 | 0 | 0 | 20 | 150 | 155.50 | 0 | 0 | 0.00 | 0.00 |
| Religion | 0 | 2 | 1 | 2 | 15 | 130 | 131.00 | 0 | 1 | 0.00 | 0.00 |
| Fine Arts - Classical Music | 0 | 2 | 1 | 1 | 15 | 112 | 123.00 | 0 | 0 | 0.00 | 0.00 |
| Literature - European | 0 | 1 | 0 | 0 | 10 | 129 | 129.00 | 0 | 0 | 0.00 | 0.00 |
| Fine Arts - Painting and Sculpture | 0 | 1 | 0 | 0 | 10 | 113 | 113.00 | 0 | 0 | 0.00 | 0.00 |
| Geography | 0 | 1 | 0 | 0 | 10 | 63 | 63.00 | 1 | 1 | 0.00 | 0.00 |
| Current Events | 0 | 1 | 0 | 0 | 10 | 63 | 63.00 | 0 | 0 | 0.00 | 0.00 |
| Science - Other | 0 | 1 | 0 | 0 | 10 | 79 | 79.00 | 0 | 0 | 0.00 | 0.00 |
| Science - Physics | 0 | 1 | 0 | 0 | 10 | 65 | 65.00 | 0 | 0 | 0.00 | 0.00 |
| Pop Culture | 0 | 1 | 1 | 0 | 5 | 33 | 33.00 | 1 | 1 | 0.00 | 0.00 |
| Literature - British | 0 | 1 | 1 | 1 | 5 | 130 | 130.00 | 0 | 0 | 0.00 | 0.00 |